[Event "Quebec Montcalm op"]
[Site "Quebec"]
[Date "1999.02.12"]
[Round "1"]
[White "Bisson, Jacques"]
[Black "Bourassa, Andre"]
[Result "0-1"]
[WhiteElo "1240"]
[BlackElo "1465"]
[PlyCount "64"]
[EventDate "1999.02.12"]
[EventType "swiss"]
[EventRounds "5"]
[EventCountry "CAN"]
[SourceTitle "EXT 2022"]
[Source "ChessBase"]
[SourceDate "2021.10.06"]
[SourceVersion "1"]
[SourceVersionDate "2021.10.06"]
[SourceQuality "1"]

1. e4 c5 2. Nf3 e6 3. d4 cxd4 4. Nxd4 a6 5. Nc3 d6 6. Be3 g6 7. Qe2 Bg7 8. g3 Ne7 9. Bg2 Nbc6 10. 0-0-0 Qc7 11. a3 b5 12. Na2 Bb7 13. Qd2 Rd8 14. Nb4 0-0 15. h4 Ne5 16. b3 Qa5 17. Kb2 Qc7 18. Ka2 N7c6 19. h5 Nxb4+ 20. Qxb4 Nc6 21. Qd2 Nxd4 22. Bxd4 Bxd4 23. Qxd4 Qxc2+ 24. Qb2 Qxb2+ 25. Kxb2 g5 26. h6 f5 27. Rh5 fxe4 28. Rxg5+ Kh8 29. Rf1 Rg8 30. Rh5 Rdf8 31. g4 Rxg4 32. Rh3 Rxg2 0-1